| 000 | 01331nam a2200397 i 4500 | ||
|---|---|---|---|
| 001 | 24950 | ||
| 003 | ES-MaCES | ||
| 005 | 20130822111820.0 | ||
| 008 | 130402s2012 sp 001 | spa d | ||
| 017 |
_aAB 740-2012 _bDL |
||
| 020 | _a9788415000792 | ||
| 035 | _aCES20130001674m | ||
| 040 |
_aES-MaCES _bspa _cES-MaCES |
||
| 245 | 0 | 0 |
_aAcoso moral, sexual y por razón en el trabajo _b: un tratamiento integral _cGemma Fabregat Monfort (dir.) ; [autores], Carlos L. Alfonso Mellado ... [et al.] |
| 250 | _a1ª ed | ||
| 260 |
_aAlbacete _bBomarzo _c2012 |
||
| 300 |
_a152 p. _c24 cm |
||
| 541 | 0 | _cCompra | |
| 650 | 4 |
_929555 _aacoso sexual |
|
| 650 | 4 |
_930708 _aacoso laboral |
|
| 650 | 4 |
_928367 _aconflicto de trabajo |
|
| 650 | 4 |
_927305 _aarreglo de conflicto |
|
| 650 | 4 |
_928362 _anegociación colectiva |
|
| 650 | 4 |
_928348 _aseguridad en el trabajo |
|
| 650 | 4 |
_928347 _asalud en el trabajo |
|
| 650 | 4 |
_930887 _aprocedimiento laboral |
|
| 650 | 4 |
_927165 _aderecho del trabajo |
|
| 650 | 4 |
_926964 _aEspaña |
|
| 650 | 4 |
_929894 _arégimen jurídico |
|
| 653 | 1 | 0 | _aDerecho del trabajo y Seguridad Social |
| 700 | 1 |
_95913 _aAlfonso Mellado, Carlos Luis |
|
| 700 | 1 |
_911556 _aFabregat Monfort, Gemma _edir. |
|
| 902 | _aLIB Libro | ||
| 942 |
_cBK _2CES _h6.0.1. |
||
| 999 |
_c24950 _d24950 |
||